Positive Psychotherapy: (Record no. 35131)

000 -LEADER
fixed length control field 00371nam a22001331a 4500
020 ## - INTERNATIONAL STANDARD BOOK NUMBER
ISBN 9788120722439
082 ## - DEWEY DECIMAL CLASSIFICATION NUMBER
Classification number 616.891 4
Item number P00
100 ## - MAIN ENTRY--AUTHOR NAME
Personal name Peseschkian Nossrat
245 ## - TITLE STATEMENT
Title Positive Psychotherapy:
Sub Title theory and practice of a new method/
Statement of responsibility, etc by Peseschkian Nossrat
260 ## - PUBLICATION, DISTRIBUTION, ETC. (IMPRINT)
Place of publication New Delhi:
Name of publisher Sterling,
Year of publication 2000.
300 ## - PHYSICAL DESCRIPTION
Number of Pages 442p.
650 ## - SUBJECT ADDED ENTRY--TOPICAL TERM
Topical Term Psychotherapy
942 ## - ADDED ENTRY ELEMENTS (KOHA)
Koha item type Book
Holdings
Withdrawn status Lost status Damaged status Not for loan Permanent Location Current Location Date acquired Cost, normal purchase price Full call number Accession Number Cost, replacement price Price effective from Koha item type
Write off   Damaged 1 Sree Sankaracharya University of Sanskrit Sree Sankaracharya University of Sanskrit 08.01.2015 250.00 616.891 4 P00 024476 0.00 08.01.2015 Book